Half a world away / (Record no. 3567)
[ view plain ]
| 000 -LEADER | |
|---|---|
| fixed length control field | 01457cam a2200325 i 4500 |
| 008 - FIXED-LENGTH DATA ELEMENTS--GENERAL INFORMATION | |
| fixed length control field | 230328s2019 enk 000 1 eng d |
| 020 ## - INTERNATIONAL STANDARD BOOK NUMBER | |
| ISBN | 1473687349 |
| 020 ## - INTERNATIONAL STANDARD BOOK NUMBER | |
| ISBN | 9781473687332 |
| 020 ## - INTERNATIONAL STANDARD BOOK NUMBER | |
| ISBN | 9781473687349 |
| 100 1# - MAIN ENTRY--AUTHOR | |
| Author | Gayle, Mike, |
| 245 10 - TITLE STATEMENT | |
| Title | Half a world away / |
| Statement of responsibility, etc | Mike Gayle. |
| 260 ## - PUBLICATION, DISTRIBUTION, ETC. (IMPRINT) | |
| Place of publication | London |
| Name of publisher | Hodder and Stoughton |
| Date of publication | 2019 |
| 300 ## - COLLATION | |
| Pagination | 342 pages ; |
| 520 ## - SUMMARY, ETC. | |
| Summary, etc | "Kerry Hayes is single mum, living on a tough south London estate. She provides for her son by cleaning houses she could never hope to afford. Taken into care as a child, Kerry cannot ever forget her past. Noah Martineau is a successful barrister with a beautiful wife, daughter and home in fashionable Primrose Hill. Adopted as a child, Noah always looks forward, never back. When Kerry reaches out to the sibling she lost on the day they were torn apart as children, she sets in motion a chain of events that will have life-changing consequences for them both."--Publisher description |
| 650 #0 - TRACINGS | |
| Main Subject | Single mothers |
| Subdivision (1st) | Fiction. |
| 650 #0 - TRACINGS | |
| Main Subject | Legal stories. |
| 650 #0 - TRACINGS | |
| Main Subject | Housekeepers |
| Subdivision (1st) | Fiction. |
| 650 #0 - TRACINGS | |
| Main Subject | Adopted children |
| Subdivision (1st) | Fiction. |
| 650 #0 - TRACINGS | |
| Main Subject | Siblings |
| Subdivision (1st) | Fiction. |
| 650 #0 - TRACINGS | |
| Main Subject | Life change events |
| Subdivision (1st) | Fiction. |
| 650 #7 - TRACINGS | |
| Main Subject | Adopted children. |
| 650 #7 - TRACINGS | |
| Main Subject | Siblings. |
| 650 #7 - TRACINGS | |
| Main Subject | Housekeepers. |
| 650 #7 - TRACINGS | |
| Main Subject | Legal stories. |
| 650 #7 - TRACINGS | |
| Main Subject | Life change events. |
| 650 #7 - TRACINGS | |
| Main Subject | Single mothers. |
| 942 ## - ADDED ENTRY ELEMENTS (KOHA) | |
| Item type | Books |
| 050 00 - LIBRARY OF CONGRESS CALL NUMBER | |
| Classification number | PR6057.A976 |
| Item number | .G39 2019 |
| 082 04 - DEWEY DECIMAL CLASSIFICATION NUMBER | |
| Classification number | 823.92 |
| Source of classification or shelving scheme | Not for loan | Permanent location | Current location | Date acquired | Accession No. | Full call number | Barcode. | Koha item type |
|---|---|---|---|---|---|---|---|---|
| Library of Congress Classification | Samuel Ogbemudia Main Library, University of Abuja | Samuel Ogbemudia Main Library, University of Abuja | 05/20/2025 | 2024/63638 | PR6057.A976.G39 | 2025-2037 | Books |